The law of real property (Record no. 86090)

MARC details
000 -LEADER
fixed length control field 00465cam a2200205 4500
001 - CONTROL NUMBER
control field D7051
008 - FIXED-LENGTH DATA ELEMENTS--GENERAL INFORMATION
fixed length control field 090401t1975 xxu||||| |||| 00| 0 eng d
035 ## - SYSTEM CONTROL NUMBER
System control number (Sirsi) u4936
041 ## - LANGUAGE CODE
Language code of text/sound track or separate title eng
050 ## - LIBRARY OF CONGRESS CALL NUMBER
Classification number 346.41043
100 ## - MAIN ENTRY--PERSONAL NAME
Personal name Megarry, Robert
Titles and words associated with a name Sir
245 #4 - TITLE STATEMENT
Title The law of real property
250 ## - EDITION STATEMENT
Edition statement 4th
260 ## - PUBLICATION, DISTRIBUTION, ETC.
Place of publication, distribution, etc. London
Name of publisher, distributor, etc. Stevens
Date of publication, distribution, etc. 1975
300 ## - PHYSICAL DESCRIPTION
Extent cxvi. 1206p. 25cm
350 ## - PRICE (NR) (BK AM CF MU VM SE) [OBSOLETE]
Price 11
700 ## - ADDED ENTRY--PERSONAL NAME
Personal name Wade, H.W.R.
942 ## - ADDED ENTRY ELEMENTS (KOHA)
Suppress in OPAC 0
948 ## - LOCAL PROCESSING INFORMATION (OCLC); SERIES PART DESIGNATOR (RLIN)
c (OCLC) 04/03/1997
Holdings
Withdrawn status Lost status Source of classification or shelving scheme Damaged status Not for loan Home library Current library Shelving location Date acquired Cost, normal purchase price Total Checkouts Full call number Barcode Date last seen Copy number Cost, replacement price Price effective from Koha item type
    Dewey Decimal Classification     London London Basement 14/09/1999 11.00   SHELF 132 30010187 06/08/2019 1 11.00 06/08/2019 Reference material